| 000 | 00582nam a2200193 a 4500 | ||
|---|---|---|---|
| 005 | 20250307063809.0 | ||
| 008 | 991125s1973 es 000 0 spa u | ||
| 020 | _a8434407337 | ||
| 035 | _aUPN01000019771 | ||
| 049 | _aCG | ||
| 050 | 4 |
_aP106 _bS3.38 |
|
| 100 | 1 |
_aSchaff, Adam, _d1913-2006 _929973 |
|
| 245 | 1 | 0 |
_aEnsayos sobre filosofía del lenguaje / _cAdam Schaff ; epílogo de Jacobo Muñoz ; tr. Félix Formosa. |
| 260 |
_aBarcelona, Esp. : _bAriel, _c1973. |
||
| 300 | _a247 p. | ||
| 440 | 0 |
_aAriel quincenal ; _v78 |
|
| 650 | 4 |
_aLenguaje y lenguas _93837 |
|
| 905 | _aLibro | ||
| 999 |
_c19771 _d19771 |
||